000 00585nam a2200181 i 4500
001 49822
003 ES-MaACL
005 20230906162053.0
007 t|
008 030724s1964 sp ||||1| spa d
100 1 _aCowgill, Robert W.
_941378
245 1 0 _aTécnicas de investigación bioquímica /
_cRobert W. Cowgrill, Arthur B. Pardee ; [traducción por Angel Martín Municio].
260 _aMadrid :
_bAlhambra,
_c[1964]
300 _a249 p. ;
_c22 cm.
700 1 _aPardee, Arthur B.
_988944
700 1 _aMartín Municio, Angel.
_977582
852 _aES-MaACL
_jC-25906
_bR.54500
999 _c49822
_d49822